[Event "Uralsk-ch Men 2019"]
[Site "Khanty-Mansiysk"]
[Date "2019.03.16"]
[Round "5.4"]
[White "Drygalov, Andrey"]
[Black "Radzhabov, Rodion"]
[Result "1/2-1/2"]
[WhiteElo "2491"]
[BlackElo "2366"]
[Annotator "TA"]
[PlyCount "111"]
[EventDate "2019.03.12"]
[EventType "swiss"]
[EventCountry "RUS"]
[SourceTitle "playchess.com"]
[Source "ChessBase"]
[SourceQuality "1"]

{[%evp 12,111,18,19,29,21,29,5,10,12,22,12,25,25,19,20,30,41,33,35,34,20,41,16,4,23,22,16,25,0,0,0,0,0,0,-7,0,0,0,0,0,0,8,0,23,0,52,19,33,20,20,20,20,18,19,10,73,61,60,64,62,74,83,67,225,226,216,197,197,224,234,231,208,199,195,177,207,202,223,177,239,247,250,211,207,252,271,259,214,243,247,244,329,329,329,329,329,206,287,206,214,212]} 1. e4 e5 2. Nf3 Nc6 3. Bc4 Bc5 4. O-O Nf6 5. d3 d6 6. c3 O-O 7. Re1 a6 {C54: Giuoco Piano: 4 c3 Nf6, main lines with 5 d4 and 5 d3} 8. a4 Ba7 (8... h6 9. h3 a5 10. Nbd2 Be6 11. b3 d5 12. exd5 Nxd5 13. Ne4 Bb6 14. Ra2 f5 15. Ng3 Qf6 16. Nxe5 Nxe5 {½-½ (40) Ding,L (2813)-Anand,V (2773) Wijk aan Zee 2019}) 9. h3 h6 {The position is equal.} 10. Nbd2 {[%cal Bb1d2,Bd2f1,Bf1g3][%mdl 32]} Ne7 11. Nf1 Ng6 12. Ng3 c6 13. Bb3 Re8 14. d4 Be6 15. Be3 {[#]} exd4 $146 ({Predecessor:} 15... Bxb3 16. Qxb3 Qc7 17. a5 exd4 18. Bxd4 {1-0 (66) Chigaev,M (2593)-Korneev,O (2547) Kazan 2018}) 16. Bxd4 Bxd4 17. Nxd4 Bxb3 18. Qxb3 Qc7 19. Ndf5 Rad8 20. Rad1 d5 21. exd5 {d6 is the strong threat.} Rxe1+ 22. Rxe1 {Black must now prevent d6.} Rxd5 23. Qb4 a5 24. Qb3 Qd7 25. Ne3 Re5 26. Rd1 Qc7 {Strongly threatening ...Rxe3!} 27. Ngf5 Ne4 28. Qc4 Re8 (28... Ne7 $11) 29. Qd4 {[%csl Gf5][%cal Rd4g7]} Qe5 30. Qxe5 (30. Nd6 {feels hotter.} Nxd6 31. Qxd6 Nf4 32. Qxe5 Rxe5 33. Nc4) 30... Nxe5 31. Nd6 Nxd6 32. Rxd6 $11 {[%mdl 4096] Endgame KRN-KRN} Kf8 33. Kf1 Rb8 (33... h5 $11) 34. f4 $16 Ng6 35. g3 Ne7 36. Nc4 Nd5 37. Rd7 Ke8 $2 {[#]} ({Black should try} 37... Nf6 $14 38. Ne5 Kg8) 38. Rxb7 $1 $18 {[%mdl 576] Decoy} Rxb7 39. Nd6+ {[%mdl 64] Double Attack} Kd7 40. Nxb7 {KN-KN} Nb6 41. b3 ({Don't play} 41. Nxa5 Nxa4 42. Nc4 Ke6 $16) 41... Nd5 42. Nxa5 Nxc3 43. Nc4 Ne4 44. g4 Nc5 45. Nd2 Ne6 (45... Nd3 $142) 46. f5 Nf4 47. h4 Kd6 48. Kf2 Kc5 49. Ke3 Nd5+ 50. Kd3 $1 Kb4 {[#]} 51. g5 $1 hxg5 52. hxg5 f6 {[#]} 53. g6 $1 c5 54. Ne4 Ne7 55. Nd6 Kxb3 56. a5 {Accuracy: White = 75%, Black = 45%.} 1/2-1/2

[Event "Uralsk-ch Men 2019"]
[Site "Khanty-Mansiysk"]
[Date "2019.03.16"]
[Round "5.5"]
[White "Aleksander, Gutenev"]
[Black "Kazantsev, Nikita"]
[Result "0-1"]
[WhiteElo "2452"]
[BlackElo "2219"]
[Annotator "TA"]
[PlyCount "78"]
[EventDate "2019.03.12"]
[EventType "swiss"]
[EventCountry "RUS"]
[SourceTitle "playchess.com"]
[Source "ChessBase"]
[SourceQuality "1"]

{[%evp 37,78,27,17,0,60,23,22,26,29,0,0,0,49,-28,-44,-46,-26,-158,-164,-203,-195,-358,-337,-331,-334,-378,-406,-431,-447,-514,-531,-597,-586,-564,-505,-1149,-1153,-1134,-1012,-1608,-1566,-1517,-1605]} 1. e4 e5 2. Nf3 Nc6 3. Bb5 a6 4. Ba4 Nf6 5. O-O Be7 6. Re1 b5 7. Bb3 d6 8. c3 O-O 9. h3 Nb8 10. d4 Nbd7 11. Nbd2 Bb7 12. a4 Re8 13. Bc2 Bf8 14. Bd3 c6 15. Qc2 g6 16. b3 Nh5 17. Bb2 {C95: Closed Ruy Lopez: Breyer Variation with 10 d4} (17. Bf1 Nf4 18. g3 Ne6 19. Bb2 Bg7 20. b4 Nb6 21. axb5 axb5 22. dxe5 Rxa1 23. Rxa1 dxe5 24. c4 Nd4 25. Bxd4 exd4 {½-½ (73) Inarkiev,E (2684)-Alekseenko,K (2621) Yaroslavl 2018}) 17... Qb6 18. Bf1 exd4 19. cxd4 d5 {LiveBook: 6 Games} 20. Qc3 Bg7 $146 (20... Nf4 $11) ({Predecessor:} 20... Nf4 21. a5 Qd8 22. b4 Nf6 23. e5 {½-½ (37) Dolmatov,S (2565)-Socko,B (2435) Kazan 1997}) 21. a5 Qa7 22. e5 c5 $1 23. Qe3 Bf8 24. Ng5 Bh6 {[#] White must now prevent ...f6.} 25. g4 (25. h4 $14) 25... Ng7 $1 $11 {[%cal Rg7e6]} 26. f4 f6 27. Ndf3 {[#]} (27. dxc5 $11 Nxc5 28. Bd4 fxg5 29. f5 (29. fxg5 Bxg5 30. Qxg5 Nge6 $15) 29... gxf5 30. Bxc5) 27... Bxg5 $1 $17 28. fxg5 fxe5 29. Nxe5 $2 (29. Rac1 {was worth a try.} exd4 30. Qf4) 29... Nxe5 $19 30. dxe5 d4 31. Qd2 Ne6 {[%cal Bg7e6,Be6g5,Bg5f3][%mdl 32]} 32. Rad1 Rad8 {Black is clearly winning.} 33. Bd3 Bd5 34. Bc2 Bf3 35. Rc1 c4 36. Qf2 (36. bxc4 $142 bxc4 37. Ba4) 36... Nxg5 37. Kh2 Ba8 38. Rf1 Nf3+ 39. Kg3 Qe7 {Precision: White = 20%, Black = 82%.} 0-1

[Event "Uralsk-ch Men 2019"]
[Site "Khanty-Mansiysk"]
[Date "2019.03.16"]
[Round "5.6"]
[White "Yaroslav, Remizov"]
[Black "Alexsander, Dubinin"]
[Result "1/2-1/2"]
[WhiteElo "2389"]
[BlackElo "2180"]
[Annotator "NA RC"]
[PlyCount "82"]
[EventDate "2019.03.12"]
[EventType "swiss"]
[EventCountry "RUS"]
[SourceTitle "playchess.com"]
[Source "ChessBase"]
[SourceQuality "1"]
[TimeControl "5400+30"]

1. e4 {[%emt 0:00:00]} c5 {[%emt 0:00:00]} 2. Nf3 {[%emt 0:00:00]} Nc6 {[%emt 0:00:00]} 3. d4 {[%emt 0:00:00]} cxd4 {[%emt 0:00:00]} 4. Nxd4 {[%emt 0:00:00]} Nf6 {[%emt 0:00:00]} 5. Nc3 {[%emt 0:00:00]} e5 {[%emt 0:00:02]} 6. Ndb5 {[%emt 0:00:00]} d6 {[%emt 0:00:08]} 7. Bg5 {[%emt 0:00:05]} a6 {[%emt 0:00:11]} 8. Na3 {[%emt 0:00:06]} b5 {[%emt 0:00:09]} 9. Bxf6 {[%emt 0:00:05]} gxf6 {[%emt 0:00:41]} 10. Nd5 {[%emt 0:00:06]} f5 {[%emt 0:01:13]} 11. Bxb5 {[%emt 0:00:11]} axb5 {[%emt 0:00:14]} 12. Nxb5 {[%emt 0:00:04]} Ra4 {[%emt 0:04:30]} 13. Nbc7+ {[%emt 0:00:21]} Kd7 {[%emt 0:00:14]} 14. O-O {[%emt 0:00:13]} Rxe4 {[%emt 0:05:54]} 15. Qh5 {[%emt 0:00:10]} Nd4 {[%emt 0:05:30]} 16. c3 {[%emt 0:01:36]} ({Much weaker is} 16. Qxf7+ Kc6 $15) 16... Ne2+ {[%emt 0:04:58]} 17. Kh1 {[%emt 0:00:01]} Kc6 {[%emt 0:01:36]} 18. g3 $1 {[%emt 0:00:28]} ({Much worse is} 18. Qxf7 Qd7 $17) 18... Rg8 {[%emt 0:25:13]} 19. Qf3 {[%emt 0:52:22]} Be6 {[%emt 0:10:11]} (19... Qxc7 $11 20. Nxc7 Kxc7) 20. Nxe6 {[%emt 0:04:42]} fxe6 {[%emt 0:00:10]} 21. Ne3 {[%emt 0:00:02]} Qb6 {[%emt 0:14:02]} 22. Qxe2 {[%emt 0:01:55]} Bh6 {[%emt 0:01:49]} 23. a4 {[%emt 0:06:45]} Bxe3 {[%emt 0:05:12]} 24. a5 {[%emt 0:01:16]} Qb5 {[%emt 0:04:35]} 25. Qxb5+ {[%emt 0:00:11]} Kxb5 {[%emt 0:00:02]} 26. fxe3 {[%emt 0:00:01]} Ra8 {[%emt 0:00:43]} 27. Rfc1 {[%emt 0:20:28]} ({White should play} 27. Kg1 $11) 27... Ra6 {[%emt 0:04:25]} 28. Ra3 {[%emt 0:00:59]} Rxa5 {[%emt 0:01:22]} 29. c4+ {[%emt 0:00:11]} Kb4 {[%emt 0:00:23]} 30. Rxa5 {[%emt 0:00:04]} Kxa5 {[%emt 0:00:04]} 31. Rd1 $15 {[%emt 0:00:08]} Rxe3 {[%emt 0:02:18]} 32. Rxd6 {[%emt 0:00:40]} Kb4 {[%emt 0:00:20]} 33. Rc6 {[%emt 0:10:47]} e4 {[%emt 0:00:23]} 34. Kg1 {[%emt 0:01:33]} Re2 {[%emt 0:00:48]} 35. c5 {[%emt 0:01:02]} Rc2 {[%emt 0:00:24]} 36. Rxe6 {[%emt 0:00:39]} Kxc5 {[%emt 0:00:10]} 37. g4 {[%emt 0:00:11]} fxg4 {[%emt 0:00:42]} 38. Rxe4 {[%emt 0:00:05]} Rxb2 {[%emt 0:00:11]} 39. Rxg4 {[%emt 0:00:03]} Kd5 {[%emt 0:00:35]} 40. Rg7 {[%emt 0:00:12]} Ke5 {[%emt 0:00:20]} 41. Rxh7 {[%emt 0:00:04]} Kf5 {[%emt 0:00:09]} 1/2-1/2

[Event "Uralsk-ch Men 2019"]
[Site "Khanty-Mansiysk"]
[Date "2019.03.17"]
[Round "6.1"]
[White "Drygalov, Sergey"]
[Black "Savitskiy, Sergey"]
[Result "1-0"]
[WhiteElo "2453"]
[BlackElo "2401"]
[Annotator "TA"]
[PlyCount "99"]
[EventDate "2019.03.12"]
[EventType "swiss"]
[EventCountry "RUS"]
[SourceTitle "playchess.com"]
[Source "ChessBase"]
[SourceQuality "1"]

{[%evp 21,99,51,62,55,68,75,89,87,94,27,32,35,62,42,36,30,23,22,38,6,50,48,45,53,53,52,52,12,39,45,78,54,47,46,59,0,0,0,0,-27,-7,-17,-13,-50,-23,-7,0,-38,8,6,43,4,31,-30,0,0,51,104,122,159,127,105,161,104,226,211,1041,1024,2504,2264,2029,716,1919,1750,1743,1631,1599,1431,1352,1060]} 1. e4 {[%cal Be2e4,Be4e5][%mdl 32]} Nf6 {[%cal Bg8f6,Bf6d5,Bd5b6][%mdl 32]} 2. e5 Nd5 3. d4 d6 4. c4 Nb6 5. exd6 exd6 6. Bd3 Nc6 7. Ne2 Bg4 {B03: Alekhine's Defence: Four Pawns Attack} 8. f3 Bh5 9. O-O Be7 10. Nbc3 O-O 11. b3 Bf6 {LiveBook: 10 Games} (11... Re8 12. Be3 Bf6 13. Bf2 Bg6 14. Bxg6 hxg6 15. Qd2 d5 16. c5 Nc8 17. Rab1 {0-1 (57) Maze,S (2596)-Moussard,J (2605) chess.com INT 2019}) 12. Be4 a5 $146 ({Predecessor:} 12... Qd7 13. a4 a5 14. d5 Ne7 15. Be3 Nbc8 16. Rc1 b6 17. Nd4 {1-0 (48) Tomasic,R (2108)-Dede,E (2277) Szombathely 2004}) 13. Be3 a4 14. Qd2 Bg6 15. Rab1 ({White should try} 15. Bxg6 $16 hxg6 16. d5) 15... axb3 $11 16. axb3 Re8 17. Nf4 Bg5 18. Nxg6 Bxe3+ 19. Qxe3 hxg6 20. Qd2 Qf6 (20... f5 $5 {[%cal Rf5e4]}) 21. Nb5 Re7 22. d5 Ne5 23. Qf2 Ra6 24. c5 Nc8 25. b4 g5 26. Rbc1 Ra4 27. Qd2 g6 28. c6 (28. Rb1 $14) 28... bxc6 29. dxc6 {[#] aiming for Nc3.} Ra8 30. Qf2 Rb8 31. Nc3 Nb6 32. b5 Kg7 33. Rfd1 Ree8 34. Bb1 {[%cal Be4b1,Bb1a2,Ba2b3][%mdl 32]} Qe7 35. Ba2 f5 36. Bb3 Qf6 37. Ra1 (37. h3 $14) 37... Ra8 38. Ra6 Rxa6 ({Black should play} 38... Nec4 $11 39. Bxc4 Qxc3) 39. bxa6 $14 Nxc6 40. Nb5 Qd8 41. Qc2 Qd7 (41... Qe7 $16 {was called for.}) 42. Rc1 $36 {[%mdl 2048] Threatens to win with a7. Keeping Black busy.} Kh6 (42... Re5 $16) 43. h4 Nb4 $2 (43... Qe7) 44. hxg5+ {White is clearly winning.} Kh5 {[#]} 45. g4+ $1 {[%mdl 512]} fxg4 46. Qh2+ Kxg5 47. Qd2+ Kh5 48. Kf2 {[%cal Rc1h1]} g5 49. Qxb4 Qf5 50. Qxg4+ {Accuracy: White = 57%, Black = 39%.} 1-0

[Event "Uralsk-ch Men 2019"]
[Site "Khanty-Mansiysk"]
[Date "2019.03.17"]
[Round "6.2"]
[White "Iljiushenok, Ilia"]
[Black "Pridorozhni, Aleksei"]
[Result "1-0"]
[WhiteElo "2524"]
[BlackElo "2593"]
[Annotator "TA"]
[PlyCount "157"]
[EventDate "2019.03.12"]
[EventType "swiss"]
[EventCountry "RUS"]
[SourceTitle "playchess.com"]
[Source "ChessBase"]
[SourceQuality "1"]

{[%evp 16,157,20,18,72,64,85,65,74,81,77,75,72,66,70,60,58,68,81,82,85,49,91,33,18,61,40,0,0,0,63,64,277,272,271,277,278,318,314,306,559,508,529,543,508,453,849,606,593,599,29961,29968,29968,29972,29966,29971,29979,29980,29979,29964,2525,29963,29970,29971,29962,0,0,0,0,0,0,0,367,372,373,345,331,317,302,0,275,277,408,404,401,0,240,229,388,354,342,327,310,283,300,284,953,950,1131,799,523,277,12812,12811,6506,6510,5290,1101,29970,620,2618,2523,1307,5028,6406,4979,29981,29982,29985,29986,29986,29983,29983,29984,29986,29987,29987,375,29985,29985,29986,29986,29986,29987,29995,29989,29989,29989,29995,29996,29996,29996,29996,409]} 1. e4 c5 2. Nf3 e6 3. d4 cxd4 4. Nxd4 Nf6 5. Nc3 Nc6 6. Nxc6 bxc6 7. e5 Nd5 8. Ne4 Qc7 9. f4 Rb8 {B45: Sicilian Four Knights} (9... Qb6 $11 {keeps the balance.}) (9... Qb6 10. c4 Bb4+ 11. Ke2 f5 12. exf6 Nxf6 13. Be3 Qd8 14. Nd6+ Bxd6 15. Qxd6 Qe7 16. Bc5 Qf7 17. Ke3 g5 18. Be2 g4 19. Rac1 h5 20. Rc3 Qg7 21. Bd3 Kf7 22. Kd2 Re8 23. Re1 Qh6 24. Kc2 a5 25. Re5 Nh7 26. Rf5+ Kg8 27. Qe5 {1-0 (27) Vidit,S (2718)-Krasenkow,M (2671) Wijk aan Zee 2018}) 10. c4 $1 $16 Bb4+ 11. Ke2 $1 O-O $1 {White is slightly better.} 12. a3 Be7 13. cxd5 cxd5 14. Nd6 $1 Ba6+ 15. Ke1 $1 f6 $146 ({Predecessor:} 15... Bxf1 16. Rxf1 f6 17. Qe2 fxe5 18. fxe5 Bxd6 19. exd6 Qxd6 {1-0 (77) Langer,R (2251)-Grammatica,A (2286) ICCF email 2014}) 16. Bxa6 Qa5+ $1 17. b4 Qxa6 18. Qe2 Qa4 $1 19. Bd2 (19. Rb1 $1 $16) 19... fxe5 $1 $14 20. fxe5 a5 $1 {[%cal Ra5b4]} 21. Qg4 Qc2 $1 {[%cal Rc2b2] ...Qb2 is the strong threat.} 22. Qd4 axb4 (22... Qg6 $1 $11) 23. axb4 Bd8 $2 (23... Qg6 $14) 24. Rf1 $18 {Threatens to win with Rxf8+.} Be7 25. Ke2 Qg6 26. g4 h5 27. h3 Bg5 $2 (27... hxg4 28. Rxf8+ Bxf8) 28. Rxf8+ Rxf8 29. Bxg5 Qxg5 30. Rf1 $1 {[%cal Rf1f8] Strongly threatening Rxf8+.} Rxf1 (30... Ra8 $142 31. Qf4 Ra2+ 32. Kd1 Qg6 33. Qf7+ Qxf7 34. Rxf7 hxg4) 31. Kxf1 Qc1+ 32. Kg2 h4 33. b5 {[%cal Bb4b5,Bb5b6,Bb6b7][%mdl 32]} Qa3 34. Qf2 d4 35. b6 d3 36. b7 Qb4 37. Kf3 d2 38. Ke2 Qb1 39. Qf7+ {[%mdl 64] Double Attack} Kh7 40. Kxd2 $2 (40. Qh5+ Kg8 41. b8=Q+ Qxb8 42. Qe8+ Qxe8 43. Nxe8 Kf7 44. Nd6+ Kg6 45. Kxd2) 40... Qb2+ $11 41. Kd3 {Hoping for Qh5+.} Qb3+ 42. Ke2 Qc2+ 43. Ke3 Qc5+ $2 {[%mdl 8192]} (43... Qc3+ $11 44. Kf2 Qg3+ 45. Kf1 Qd3+ 46. Kf2 (46. Ke1 Qe3+ 47. Kf1 Qd3+ 48. Ke1 Qe3+ 49. Kf1 Qd3+ $11) 46... Qg3+ 47. Kf1 Qd3+ 48. Ke1 Qe3+ 49. Kf1 Qd3+) 44. Kd3 $1 $18 Qd5+ 45. Kc2 Qc6+ 46. Kb3 $1 Qb6+ 47. Kc3 $2 (47. Kc4 $1 $18 Qa6+ 48. Kc5 Qc6+ 49. Kb4 Qb6+ 50. Nb5 Qxb7 51. Qf2) 47... Qa5+ $2 {[%mdl 8192]} (47... Qe3+ $1 $11 48. Kc4 Qe2+ 49. Kc3 Qxe5+ 50. Kc2 Qe2+ 51. Kb3 (51. Kc1 Qe1+ 52. Kb2 Qd2+ 53. Kb3 Qd3+ 54. Kb4 Qxd6+ 55. Ka5 Qc7+ 56. Ka6 Qd6+ 57. Ka7 Qa3+ 58. Kb8 Qd6+ 59. Ka8 Qa3+ 60. Kb8 Qd6+ 61. Kc8 Qc6+ 62. Kd8 Qxb7 $11) 51... Qd3+ 52. Kb4 Qd2+ 53. Kc5 Qd5+ 54. Kb6 Qxd6+ 55. Ka7 Qc5+ 56. Kb8 Qd6+ 57. Ka7 Qc5+ 58. Ka6 (58. Kb8 Qd6+ 59. Ka8 Qa3+ 60. Kb8 Qd6+ $11) 58... Qc6+ 59. Ka7 Qc5+) 48. Kc4 $1 Qa4+ (48... Qa6+ $142 49. Kc5 Qc6+ 50. Kb4 Qb6+ 51. Nb5 Qxb7) 49. Kc5 $1 {White wants to mate with Qh5+.} Qc6+ 50. Kd4 $2 (50. Kb4 $18 Qb6+ 51. Kc4 Qa6+ 52. Kc5 Qc6+ 53. Kb4 Qb6+ 54. Kc4 Qa6+ 55. Kc5 Qc6+) 50... Qb6+ $2 (50... Qd5+ $1 $11 51. Ke3 Qc5+ 52. Kf3 Qc3+ 53. Kf2 Qg3+ 54. Kf1 Qd3+ 55. Kf2 (55. Ke1 Qe3+ 56. Kd1 Qd3+ 57. Kc1 Qc3+ 58. Kd1 Qd3+ 59. Ke1 Qe3+ 60. Kf1 Qd3+ 61. Kf2 Qg3+ 62. Kf1 Qd3+ $11) 55... Qg3+ 56. Kf1 Qd3+ 57. Kg2 (57. Ke1 Qe3+ 58. Kf1 Qd3+ $11) 57... Qg3+ 58. Kh1 (58. Kf1 Qd3+ $11) 58... Qe1+ 59. Kh2 (59. Kg2 Qg3+ 60. Kh1 Qe1+ 61. Kh2 Qg3+ 62. Kh1 $11) 59... Qg3+ 60. Kh1 Qe1+ 61. Kh2 (61. Kg2 Qg3+ 62. Kh1 $11) 61... Qg3+ 62. Kh1) 51. Kc4 Qc6+ $2 {[#]} (51... Qa6+ 52. Kb3 Qb6+ 53. Kc4 Qa6+ 54. Kb4 Qb6+ 55. Ka4 Qa6+ 56. Kb3 Qb6+) 52. Kb4 $1 Qb6+ {[#]} 53. Nb5 $1 {Intending Qh5+ and mate.} Qxb7 {intending ...Qe4+.} 54. Qf4 Qg2 55. Qe3 Kg6 $2 (55... Qb7 56. Qd3+ Kh6 57. Qd2+ Kh7) 56. Nd6 Qb2+ 57. Kc4 {White threatens Qe4+ and mate.} Kh7 58. Qd3+ g6 $2 (58... Kg8 59. Nb5 Qc1+ 60. Nc3 Qf4+ 61. Kb3 Qxe5 62. Qxd7 Qb8+ 63. Nb5 Kh7 64. Qd3+ Kh8) 59. Qe3 Qc2+ 60. Kb5 Qc6+ 61. Kb4 (61. Ka5 $142 Qa8+ 62. Kb6) 61... Qd5 62. Qc5 (62. Qf4 $142 Qg2 63. Qf6 Qe2 64. Qxh4+ Kg7 65. Qf6+ Kh7 66. Ka5 Qe3 67. Ka6) 62... Qh1 63. Qc3 Kg7 64. Kb5 Qb1+ 65. Ka6 Qb8 66. Qf3 Qb1 67. Qf6+ {[%mdl 64] Double Attack} Kg8 68. Qd8+ Kg7 69. Qxd7+ Kh6 70. Nf7+ Kg7 71. g5 $2 (71. Ng5+ {mates} Kh6 72. Nxe6 Qf1+ 73. Kb7 Qf3+ 74. Kb8 Qb3+ 75. Kc8 Qc3+ 76. Qc7) 71... Kf8 $2 (71... Qf1+ $18 72. Kb6 Qf2+ 73. Kc6 Qf3+ 74. Kc7 Kf8) 72. Nd6 {[%csl Gd6][%cal Rd7f7] White mates.} Qa2+ 73. Kb6 {[%csl Gd6][%cal Rd7f7]} Qb3+ 74. Kc7 {[%csl Gd6][%cal Rd7f7]} Kg8 75. Qc8+ Kh7 76. Kd8 Qxh3 77. Qd7+ Kg8 78. Qf7+ Kh8 79. Qf8+ {Accuracy: White = 64%, Black = 35%.} 1-0

[Event "Uralsk-ch Men 2019"]
[Site "Khanty-Mansiysk"]
[Date "2019.03.17"]
[Round "6.3"]
[White "Kazantsev, Nikita"]
[Black "Rozhkov, Viacheslav"]
[Result "0-1"]
[WhiteElo "2219"]
[BlackElo "2255"]
[Annotator "NA"]
[PlyCount "72"]
[EventDate "2019.03.12"]
[EventType "swiss"]
[EventCountry "RUS"]
[SourceTitle "playchess.com"]
[Source "ChessBase"]
[SourceQuality "1"]
[TimeControl "5400+30"]

1. e4 {[%emt 0:00:00]} c5 {[%emt 0:00:00]} 2. Nf3 {[%emt 0:00:06]} d6 {[%emt 0:00:10]} 3. Bb5+ {[%emt 0:00:19]} Nd7 {[%emt 0:00:49]} 4. d4 {[%emt 0:01:15]} cxd4 {[%emt 0:12:05]} 5. Qxd4 {[%emt 0:01:25]} a6 {[%emt 0:03:01]} 6. Bxd7+ {[%emt 0:02:25]} Bxd7 {[%emt 0:00:05]} 7. O-O {[%emt 0:00:04]} e5 {[%emt 0:08:22]} 8. Qd3 {[%emt 0:02:46]} Rc8 {[%emt 0:03:23]} 9. Nc3 {[%emt 0:07:17]} Be7 {[%emt 0:01:09]} 10. Rd1 {[%emt 0:01:44]} Be6 {[%emt 0:01:15]} 11. Nd5 {[%emt 0:03:14]} Bxd5 {[%emt 0:05:06]} 12. Qxd5 {[%emt 0:05:14]} Qc7 {[%emt 0:00:09]} 13. Ng5 {[%emt 0:16:31]} Bf8 {[%emt 0:06:28]} 14. Be3 {[%emt 0:11:37]} ({White should play} 14. Rd3 $14 Qe7 15. Qb3) 14... Nf6 {[%emt 0:00:52]} 15. Qd3 {[%emt 0:00:12]} h6 {[%emt 0:02:13]} 16. Nf3 $17 {[%emt 0:00:04]} Qxc2 {[%emt 0:01:55]} 17. Qa3 {[%emt 0:01:14]} Qxe4 {[%emt 0:03:02]} 18. Rac1 {[%emt 0:07:31]} Rxc1 {[%emt 0:02:11]} 19. Rxc1 {[%emt 0:00:04]} Be7 {[%emt 0:00:06]} 20. Rc8+ {[%emt 0:05:52]} Kd7 {[%emt 0:00:04]} 21. Nd2 {[%emt 0:00:09]} Qh7 {[%emt 0:08:21]} 22. Rc1 {[%emt 0:13:51]} Rc8 {[%emt 0:00:17]} 23. Nc4 {[%emt 0:00:06]} Rxc4 {[%emt 0:01:27]} 24. Rxc4 {[%emt 0:01:07]} d5 {[%emt 0:00:02]} 25. Rc7+ {[%emt 0:06:33]} Kxc7 {[%emt 0:00:20]} 26. Qxe7+ {[%emt 0:00:07]} Nd7 {[%emt 0:00:04]} 27. h3 {[%emt 0:00:24]} d4 {[%emt 0:00:39]} 28. Bd2 {[%emt 0:00:23]} Qb1+ {[%emt 0:00:05]} 29. Kh2 {[%emt 0:00:06]} Qxb2 {[%emt 0:00:12]} 30. Ba5+ {[%emt 0:00:48]} b6 {[%emt 0:00:55]} 31. Bb4 {[%emt 0:00:03]} a5 {[%emt 0:15:30]} 32. Qd6+ {[%emt 0:06:31]} Kd8 {[%emt 0:00:30]} 33. Ba3 {[%emt 0:00:09]} Qxa2 {[%emt 0:01:09]} 34. Qe7+ {[%emt 0:00:44]} Kc8 {[%emt 0:00:08]} 35. Qe8+ {[%emt 0:00:10]} Kc7 {[%emt 0:00:11]} 36. Be7 {[%emt 0:04:09]} Qd5 {[%emt 0:00:11]} 0-1

[Event "Uralsk-ch Men 2019"]
[Site "Khanty-Mansiysk"]
[Date "2019.03.17"]
[Round "6.4"]
[White "Kunakbaev, Ilnur"]
[Black "Drygalov, Andrey"]
[Result "0-1"]
[WhiteElo "2149"]
[BlackElo "2491"]
[Annotator "TA"]
[PlyCount "160"]
[EventDate "2019.03.12"]
[EventType "swiss"]
[EventCountry "RUS"]
[SourceTitle "playchess.com"]
[Source "ChessBase"]
[SourceQuality "1"]

{[%evp 14,160,17,19,26,17,31,13,39,29,41,34,36,20,51,41,47,42,58,41,57,49,56,56,64,58,67,62,66,27,19,-3,37,37,34,61,45,9,56,29,56,51,80,0,112,-12,76,0,83,37,64,37,103,104,95,0,100,47,88,68,86,66,62,0,128,125,125,119,120,136,143,150,174,122,127,129,116,113,124,108,108,106,114,118,118,106,119,106,105,68,71,20,15,27,23,-41,-37,-92,-93,-105,-101,-103,-104,-101,-41,-116,-82,-77,-50,-120,-98,-107,-102,-143,-143,-144,-110,-129,-102,-116,-89,-104,-95,-90,-62,-194,-189,-201,-204,-211,-208,-248,-230,-369,-326,-1169,-1166,-1084,-825,-1144,-1147,-1120,-1095,-1630,-1550,-29982,-29967,-29993,-29994]} 1. d4 Nf6 2. c4 e6 3. Nc3 Bb4 4. Nf3 d5 5. Bg5 h6 6. Bxf6 Qxf6 7. Qa4+ Nc6 8. e3 O-O {D38: Queen's Gambit Declined: Ragozin Defence (4 Nf3 Bb4)} 9. Be2 dxc4 10. Bxc4 a6 {The position is equal.} 11. O-O Bd6 12. Ne4 Qe7 13. Nxd6 {[#]} (13. Rfc1 {keeps more tension.} Bd7 14. Qd1 Rad8 15. a3 e5 16. d5) 13... Qxd6 $146 ({Predecessor:} 13... cxd6 14. d5 Na7 15. Qb4 e5 16. Rac1 {1-0 (63) Carlsen,M (2881)-Movsesian,S (2672) Dubai 2014}) 14. Rfd1 Bd7 15. Qc2 Rfd8 16. a3 Be8 17. Rac1 Ne7 18. Ba2 Rac8 19. Bb1 {Qh7+ is the strong threat.} g6 20. Nd2 Qc6 21. Qd3 Qb5 22. Qe4 Bc6 23. Qh4 Qg5 24. Qxg5 hxg5 25. Nc4 b6 26. Ne5 Bb7 27. h3 Kg7 {[#]} 28. Ba2 (28. b4 $1 $16) 28... Nf5 (28... c5 $11) 29. Bb1 (29. Rd3 $16) 29... Ne7 (29... c5 $11) 30. Ba2 (30. b4 $16) 30... Kf8 (30... Nf5 $11) 31. f3 Ke8 32. Bb3 Bd5 ({Better is} 32... f6 $14) 33. Bc2 $16 Bb7 34. Bb3 (34. Ba4+ $16 Kf8 35. Bd7) 34... Ba8 (34... Bd5 $11 35. Ba4+ b5) 35. Kf1 (35. Ba4+ $16 c6 36. Bc2) 35... Rd6 36. Ke2 Bb7 37. Nc4 Rdd8 38. Ne5 (38. Kf2 $14) 38... Nf5 (38... Rd6 $11 {keeps the balance.}) 39. Ba4+ b5 40. Bc2 Ne7 41. Nd3 Rb8 42. Bb1 c6 43. Ba2 (43. Nc5 $18) 43... a5 44. Rc5 Nd5 45. Ne5 Ne7 46. Rdc1 f6 47. Nd3 ({But not} 47. Bxe6 $6 fxe5 48. Rxe5 a4 $11) ({Don't play} 47. Nxc6 $6 Bxc6 48. Rxc6 Nxc6 $14) 47... Rd6 48. Nf2 {And now Ne4 would win.} Kf7 49. Ne4 Rdd8 50. Rh1 Nf5 51. g4 Nd6 52. h4 (52. Nxd6+ $16 Rxd6 53. h4) 52... Nxe4 $11 53. fxe4 gxh4 54. Kf3 (54. e5 $11) 54... g5 $15 55. Rf1 (55. Ke2 $15) 55... Ke7 $17 56. Ke2 {e5 would now be nice for White.} Rf8 57. Rfc1 Rbc8 $36 {[%mdl 2048] Black is on the roll.} 58. Bb1 Kd7 (58... a4 $17 59. Rh1 Kd6) 59. Rg1 (59. b4 $15) 59... Rg8 60. Bd3 a4 61. Kf3 (61. Rgc1 $15) 61... Rcf8 62. Kg2 Kd6 63. Kf3 Bc8 64. Kg2 Bd7 65. Rf1 Ke7 66. Kh3 Rb8 67. e5 fxe5 68. Rxe5 b4 69. Bh7 (69. axb4 $15 Kd6 70. Bh7) 69... Rh8 $19 70. Bc2 {[#]} bxa3 $1 71. bxa3 Rb2 72. Rc5 Ra2 73. Rc3 (73. Bxa4 {keeps fighting.} Rxa3 {[%mdl 64] Double Attack} 74. Bd1) 73... Rb8 74. Bxa4 $2 (74. Rc1 Rbb2 75. Rc5) 74... Rbb2 {[%csl Ga2][%cal Rb2h2]} 75. Rh1 Rf2 {[%cal Rf2f3]} 76. e4 Rad2 {( -> ...c5)} 77. Bd1 Rxd4 78. Bf3 Rdd2 79. a4 {[#]} c5 $1 {[%mdl 512]} 80. a5 (80. Rxc5 Rxf3#) 80... Bb5 {Accuracy: White = 31%, Black = 50%.} 0-1